| 000 | 01438nam a22003977a 4500 | ||
|---|---|---|---|
| 003 | CHAP | ||
| 005 | 20220329141305.0 | ||
| 008 | 971010s1983 r 00010 d | ||
| 010 | _a65854 | ||
| 011 | _a66826 | ||
| 035 | _a75808 | ||
| 040 | _cCHAP | ||
| 090 | _aTesis | ||
| 100 | 0 | 0 |
_aGranados Araiza, Roberto. _950341 |
| 245 | _aInfluencia del peso seco contenido de nitrógeno de los órganos de la planta en el rendimiento y contenido de proteína del grano de frijol | ||
| 260 |
_aChapingo, Méx. : _bEl autor, _c1983 |
||
| 300 |
_a71 h. _b; láms. ; gráfs. |
||
| 500 | _a1992-593 | ||
| 502 | _aTesis (Ing. Agr. Esp. en Fitotecnia) -- UACH. Departamento de Fitotecnia | ||
| 590 |
_aALEPH _b10 _c20130110 _lUCH01 _h1358 |
||
| 590 |
_aBATCH-UPD _b10 _c20130110 _lUCH01 _h0227 |
||
| 590 |
_aBATCH-UPD _b10 _c20130110 _lUCH01 _h2100 |
||
| 590 |
_aBATCH-UPD _b10 _c20130409 _lUCH01 _h2250 |
||
| 590 |
_aBATCH-UPD _b10 _c20130410 _lUCH01 _h1412 |
||
| 590 |
_aBATCH-UPD _b10 _c20130914 _lUCH01 _h1442 |
||
| 590 |
_aCONVERSION _b10 _c20130109 _lUCH01 _h1336 |
||
| 650 | 1 | 4 |
_aFrijol _xProteínas en. _943423 |
| 650 | 1 | 4 |
_aFrijol _xRendimiento. _943429 |
| 650 | 1 | 4 |
_aNitrógeno _xEfecto en frijol. _981436 |
| 901 | _aBK | ||
| 942 | _cFOLL | ||
| 949 |
_bBC _cTES _d-52475 _eTS1 _i75808 _si |
||
| 949 |
_bBC _cTES _d-52476 _eTS2 _fc.2 _i75808 _si |
||
| 949 |
_bBC _cTES _d-52477 _eTS2 _fc.3 _h22021 _i75808 _si |
||
| 949 |
_bZA _cTESBD _d-8785 _eTS1 _h130 _i75808 _si |
||
| 999 |
_c65854 _d65854 |
||